What are these examples of? - Statistics

General Stats
  • This quiz has been taken 12 times
  • The average score is 5 of 15
Answer Stats
Examples Category % Correct
Cappuccino - Americano - Latte Coffee
100%
Oil - Water - Milk Liquid
90%
Carnation - Begonia - Iris Flowers
70%
Xenon - Krypton - Helium Noble gases
70%
Shinto - Tenrikyo - Bahai Religions
60%
Callisto - Io - Eupheme Moons
40%
Cardiac - Smooth - Skeletal Muscles
30%
Obama - Bush - Nixon American Presidents
20%
Jaws - Meg - 47 meters down Shark Movies
20%
Kahoot - Phet - Google Websites
20%
A - B - C Alphabets
10%
Claustro - Acro - Hydro Phobias
10%
√5 - e - π Irrational Numbers
0%
Whole - Half - Quarter Notes
0%
Potato - AB Normal - Clash Pack 4
0%
No matching quizzes found
Score Distribution
Percent of People with Each Score
Percentile by Number Answered
Your Score History
You have not taken this quiz